| 000 | 00356nam a2200145Ia 4500 | ||
|---|---|---|---|
| 008 | 150201s2012 xx 000 0 und d | ||
| 082 |
_a617.156 _bA2012M |
||
| 100 | _aR.H.MATHOG | ||
| 245 | _aMATHOGS ATLAS OF CRANIOFACIAL TRAUMA | ||
| 250 | _a2ND | ||
| 260 |
_bWOLTER KLUWER _aDELHI _c2012 |
||
| 300 | _a1-672 | ||
| 650 | _aORAL SURGERY | ||
| 942 |
_2ddc _cBK |
||
| 999 |
_c4783 _d4783 |
||